Statistics for Tolkien mythology

Click here to take the quiz!

General Stats

  • This quiz has been taken 253 times
    (248 since last reset)
  • The average score is 6 of 15

Answer Stats

HintAnswer% Correct
First king of NúmenorElros Tar-Minyatur
82%
Eldest son of FëanorMaedhros
69%
The Vala Lord of the ForestOromë
66%
Adrahil's son and prince of Dol AmrothImrahil
63%
Betrayer of GondolinMaeglin
59%
The otherPallando
52%
The Black Easterling and the 2nd of the NazgûlKhamûl
48%
One of the Blue IstariAlatar
44%
The White Tree of Valinor, and the oldestTelperion
44%
The Last king of GondorEärnur
31%
Quenya for Ar-PharazônTar-Calion
13%
"Red Water" river that comes from the Iron HillsCarnen
12%
Túrin's name among the banditsNeithan
12%
The 3rd son of IsildurCiryon
8%
The 3rd of the beaconsNardol
5%

Score Distribution

Percentile by Number Answered

Percent of People with Each Score

Your Score History

You have not taken this quiz since the last reset